| 000 | 00465nam a2200169Ia 4500 | ||
|---|---|---|---|
| 005 | 20250423101450.0 | ||
| 008 | 250422s9999 xx 000 0 und d | ||
| 020 | _a0962226408 | ||
| 050 | _aHD 66 .S3/ | ||
| 100 | _aScholtes, Peter R. | ||
| 245 | 4 | _aThe team handbook : how to use teams to improve quality | |
| 260 | _aUnited State | ||
| 260 | _bJoiner Associates Inc. | ||
| 260 | _c1988 | ||
| 650 | _aTeams in the workplace. Quality circles. | ||
| 942 | _cBK | ||
| 999 |
_c36374 _d36374 |
||